[Event "37th Taminco Open 2014"]
[Site "Ghent BEL"]
[Date "2014.07.19"]
[Round "1.1"]
[White "Van Den Doel, Erik"]
[Black "De Feijter, Bas"]
[Result "1-0"]
[WhiteTitle "GM"]
[WhiteElo "2547"]
[BlackElo "1895"]
[WhiteFideId "1003720"]
[BlackFideId "1042130"]
[EventDate "2014.07.19"]

1. d4 f5 2. g3 Nf6 3. Bg2 e6 4. Nf3 Be7 5. O-O O-O 6. c4 d6 7. Nc3 Ne4 8. Qc2
Nxc3 9. bxc3 Nc6 10. Rd1 Qe8 11. c5 dxc5 12. Bf4 cxd4 13. cxd4 Bd6 14. Ne5 Ne7
15. e4 h6 16. Rab1 g5 17. Bd2 Bxe5 18. dxe5 c6 19. f4 g4 20. Bb4 Rf7 21. Bxe7
Qxe7 22. Rd6 Kg7 23. Rbd1 Rf8 24. Bf1 Rb8 25. Qc5 b6 26. Qxc6 Bb7 27. Rxe6 Qf7
28. Qd7 Bxe4 29. Re7 Bf3 30. e6 1-0

[Event "37th Taminco Open 2014"]
[Site "Ghent BEL"]
[Date "2014.07.19"]
[Round "1.2"]
[White "De Saegher, Johan"]
[Black "Hovhannisyan, Mher"]
[Result "0-1"]
[BlackTitle "IM"]
[WhiteElo "1874"]
[BlackElo "2513"]
[WhiteFideId "214701"]
[BlackFideId "13300865"]
[EventDate "2014.07.19"]

1. e4 e6 2. Qe2 Be7 3. g3 d5 4. d3 dxe4 5. dxe4 b6 6. Nc3 Nf6 7. Bf4 Ba6 8. Qd2
Qxd2+ 9. Kxd2 Bxf1 10. Rxf1 Na6 11. a3 O-O-O+ 12. Kc1 Nc5 13. f3 c6 14. Nge2 a5
15. Rd1 a4 16. Rd4 b5 17. Rhd1 Rxd4 18. Rxd4 Nfd7 19. Bd6 Bxd6 20. Rxd6 Kc7 21.
Rd1 Ne5 22. Ng1 g5 23. h3 Rg8 24. Rf1 h5 25. Nge2 Rg6 26. f4 gxf4 27. gxf4 Nc4
28. f5 Rg2 29. Nf4 Rh2 30. fxe6 fxe6 31. Re1 e5 32. Nxh5 Nxb2 33. Re2 Rxh3 34.
Kxb2 Rxh5 35. Rg2 Rh6 36. Kc1 Nd7 37. Rf2 Nb6 38. Rf7+ Kd6 39. Ra7 Nc4 40. Kb1
Kc5 41. Nxa4+ bxa4 42. Rxa4 Rh4 43. Ra8 Rxe4 0-1

[Event "37th Taminco Open 2014"]
[Site "Ghent BEL"]
[Date "2014.07.19"]
[Round "1.3"]
[White "Bokros, Albert"]
[Black "Roeser, Axel"]
[Result "1-0"]
[WhiteTitle "IM"]
[WhiteElo "2485"]
[BlackElo "1892"]
[WhiteFideId "710458"]
[BlackFideId "4627210"]
[EventDate "2014.07.19"]

1. e4 e5 2. Nf3 Nf6 3. d4 exd4 4. e5 Ne4 5. Qxd4 d5 6. exd6 Nxd6 7. Nc3 Nc6 8.
Qf4 Qe7+ 9. Be3 Be6 10. O-O-O O-O-O 11. Bd3 h6 12. Rhe1 Kb8 13. Bc5 Qf6 14. Qa4
g5 15. Nd4 Qf4+ 16. Kb1 Ka8 17. g3 1-0

[Event "37th Taminco Open 2014"]
[Site "Ghent BEL"]
[Date "2014.07.19"]
[Round "1.5"]
[White "Czebe, Attila"]
[Black "Wegelin, Reinhard"]
[Result "1-0"]
[WhiteTitle "GM"]
[WhiteElo "2439"]
[BlackElo "1877"]
[WhiteFideId "705268"]
[BlackFideId "1305778"]
[EventDate "2014.07.19"]

1. e4 d5 2. exd5 Nf6 3. Bb5+ Nbd7 4. Nc3 a6 5. Bxd7+ Bxd7 6. Nge2 Bg4 7. f3 Bf5
8. b3 Nxd5 9. Bb2 e5 10. O-O Bc5+ 11. Kh1 O-O 12. Ne4 Bd6 13. c4 Bxe4 14. fxe4
Nb4 15. Bc3 Qh4 16. Ng3 g6 17. c5 Bxc5 18. Bxe5 f6 19. Bxc7 Nd3 20. Qe2 Rac8 21.
Qxd3 Rxc7 22. Rac1 Kg7 23. b4 Bb6 24. Qd6 Rxc1 25. Rxc1 Bf2 26. Rc7+ Rf7 27.
Rxf7+ Kxf7 28. Qc7+ Ke6 29. d4 1-0

[Event "37th Taminco Open 2014"]
[Site "Ghent BEL"]
[Date "2014.07.19"]
[Round "1.7"]
[White "Sadikhov, Ulvi"]
[Black "Verboven, Alex"]
[Result "1-0"]
[WhiteElo "2335"]
[BlackElo "1868"]
[WhiteFideId "13401416"]
[BlackFideId "207136"]
[EventDate "2014.07.19"]

1. e4 Nc6 2. Nf3 d5 3. exd5 Qxd5 4. Nc3 Qh5 5. Nb5 Kd8 6. d4 Bg4 7. Bf4 a6 8.
Nxc7 Rc8 9. d5 Nb8 10. Qd4 Bxf3 11. gxf3 Qxf3 12. Rg1 Nf6 13. Bg2 Qg4 14. Qb6
Nbd7 15. Ne6+ Ke8 16. Qd8+ 1-0

[Event "37th Taminco Open 2014"]
[Site "Ghent BEL"]
[Date "2014.07.19"]
[Round "1.8"]
[White "Vermue, Albert"]
[Black "Sriram, Jha"]
[Result "0-1"]
[BlackTitle "GM"]
[WhiteElo "1866"]
[BlackElo "2375"]
[WhiteFideId "1026968"]
[BlackFideId "5001668"]
[EventDate "2014.07.19"]

1. e4 c5 2. d4 cxd4 3. c3 Nf6 4. e5 Nd5 5. Nf3 e6 6. Nxd4 Qc7 7. f4 a6 8. Bd3 d6
9. Qe2 Nb4 10. O-O Nxd3 11. Qxd3 Nc6 12. Nf3 dxe5 13. fxe5 Nxe5 14. Nxe5 Qxe5
15. Bf4 Qd5 16. Qg3 f6 17. Na3 e5 18. Rfe1 Bc5+ 19. Kh1 O-O 20. Bh6 Qf7 21. Nc2
Bf5 22. Rac1 Bg6 23. Be3 Bd6 24. Red1 Qe6 25. Qf2 Rad8 26. Bb6 Rd7 27. b3 Rff7
28. Ne3 Ba3 29. Rxd7 Rxd7 30. Rd1 Rxd1+ 31. Nxd1 Bh5 0-1

[Event "37th Taminco Open 2014"]
[Site "Ghent BEL"]
[Date "2014.07.19"]
[Round "1.9"]
[White "Van der Stricht, Geert"]
[Black "Tomme, Lowie"]
[Result "1-0"]
[WhiteTitle "IM"]
[WhiteElo "2350"]
[BlackElo "1839"]
[WhiteFideId "201324"]
[BlackFideId "228338"]
[EventDate "2014.07.19"]

1. d4 d5 2. c4 e6 3. Nf3 Nf6 4. g3 Nbd7 5. Bg2 c6 6. Qc2 Bd6 7. O-O O-O 8. Nbd2
h6 9. b3 Re8 10. Bb2 Qe7 11. Rfe1 Ba3 12. e4 Bxb2 13. Qxb2 dxe4 14. Ne5 c5 15.
Nxe4 Nxe5 16. Nxf6+ Qxf6 17. dxe5 Qe7 18. Rad1 Rb8 19. Rd6 a6 20. Red1 b5 21.
Qc3 Qa7 22. Be4 Bb7 23. Rd7 Qa8 24. Qf3 1-0

[Event "37th Taminco Open 2014"]
[Site "Ghent BEL"]
[Date "2014.07.19"]
[Round "1.11"]
[White "Froeyman, Helmut"]
[Black "Thuijls, Hans"]
[Result "1-0"]
[WhiteTitle "FM"]
[WhiteElo "2304"]
[BlackElo "1860"]
[WhiteFideId "203602"]
[BlackFideId "1044087"]
[EventDate "2014.07.19"]

1. e4 c5 2. Nf3 Nc6 3. d4 cxd4 4. Nxd4 g6 5. Nc3 Bg7 6. Be3 Nf6 7. Bc4 O-O 8.
Bb3 d6 9. f3 Bd7 10. Qd2 Nxd4 11. Bxd4 a6 12. O-O-O Rc8 13. h4 h5 14. g4 hxg4
15. h5 Nxh5 16. Bxg7 Kxg7 17. Rxh5 gxh5 18. Qg5+ 1-0

[Event "37th Taminco Open 2014"]
[Site "Ghent BEL"]
[Date "2014.07.19"]
[Round "1.12"]
[White "Vanwolleghem, Mathias"]
[Black "Decoster, Frederic"]
[Result "0-1"]
[BlackTitle "FM"]
[WhiteElo "1856"]
[BlackElo "2298"]
[WhiteFideId "223158"]
[BlackFideId "204269"]
[EventDate "2014.07.19"]

1. e4 c5 2. Nf3 Nc6 3. d4 cxd4 4. Nxd4 e5 5. Nb5 d6 6. N1c3 a6 7. Na3 Be7 8. Nc4
b5 9. Ne3 Nf6 10. f3 O-O 11. Ncd5 Nxd5 12. Nxd5 Bh4+ 13. g3 Bg5 14. c3 Bxc1 15.
Qxc1 f5 16. Bd3 Be6 17. O-O Bxd5 18. exd5 Ne7 19. Qd2 Rc8 20. Bc2 Kh8 21. Rad1
Rc5 22. Bb3 f4 23. g4 e4 24. fxe4 Ng6 25. Rf2 Qh4 26. Rdf1 Qxg4+ 27. Kh1 Rc7 28.
Bd1 Qh4 29. Qe2 Ne5 30. Qh5 Qxh5 31. Bxh5 g6 32. Be2 Rcf7 33. a4 f3 34. Bd1 g5
35. h3 h5 0-1

[Event "37th Taminco Open 2014"]
[Site "Ghent BEL"]
[Date "2014.07.19"]
[Round "1.14"]
[White "Cuypers, Dries"]
[Black "Szeberenyi, Adam"]
[Result "0-1"]
[BlackTitle "IM"]
[WhiteElo "1855"]
[BlackElo "2316"]
[WhiteFideId "262676"]
[BlackFideId "710466"]
[EventDate "2014.07.19"]

1. d4 Nf6 2. Nf3 g6 3. Bg5 Bg7 4. Bxf6 Bxf6 5. e4 d6 6. Nc3 Bg4 7. Nd5 Bg7 8. c3
Nd7 9. h3 Bxf3 10. Qxf3 O-O 11. Qe3 c6 12. Nb4 c5 13. dxc5 dxc5 14. Nd3 Qa5 15.
Nc1 Qb6 16. Rb1 Qc6 17. Bc4 Bh6 18. Qe2 Nf6 19. Bd3 c4 20. Bxc4 Rad8 21. Nb3
Nxe4 22. O-O Nd2 23. Nxd2 Rxd2 24. Qg4 Rfd8 25. Bb3 Qf6 26. Rbd1 e6 27. Qg3 e5
28. Rxd2 Rxd2 29. Qg4 b6 30. Qe4 Rxb2 31. Qa8+ Kg7 32. Bd5 Rxf2 33. Rxf2 Be3 34.
Bf3 Qh4 35. Qe4 Qxf2+ 36. Kh2 Bf4+ 0-1

[Event "37th Taminco Open 2014"]
[Site "Ghent BEL"]
[Date "2014.07.19"]
[Round "1.15"]
[White "Klundt, Klaus"]
[Black "De Block, Yordi"]
[Result "1/2-1/2"]
[WhiteTitle "IM"]
[WhiteElo "2314"]
[BlackElo "1854"]
[WhiteFideId "4600436"]
[BlackFideId "214175"]
[EventDate "2014.07.19"]

1. e4 c6 2. d4 d5 3. exd5 cxd5 4. c4 Nf6 5. Nc3 Nc6 6. Bg5 dxc4 7. Bxc4 h6 8.
Bh4 Qxd4 9. Qxd4 Nxd4 10. O-O-O e5 11. f4 Bg4 12. Nf3 Bxf3 13. gxf3 Rc8 14. fxe5
Rxc4 15. exf6 Ne6 16. Bf2 gxf6 17. Bxa7 Bb4 18. Rd3 Bxc3 19. Rxc3 Rxc3+ 20. bxc3
Ke7 21. Be3 Rc8 22. Kc2 f5 23. Rb1 Rc7 24. Bxh6 Nd4+ 25. Kb2 Nxf3 26. Rf1 Nxh2
27. Rxf5 Ng4 28. Bf4 Rd7 29. Rg5 Nf2 30. Kc2 Kf6 31. Rb5 Kg6 32. a4 f6 33. a5
Nd3 34. Be3 Ne5 35. Bd4 Nc6 36. Kd3 f5 37. Rb6 Kg5 38. a6 Nxd4 39. cxd4 bxa6 40.
Rxa6 Kf4 41. Rf6 Kg4 42. Kc4 f4 43. d5 f3 44. d6 f2 45. Kd5 Kg3 46. Kc6 Rxd6+
47. Kxd6 Kg2 1/2-1/2

[Event "37th Taminco Open 2014"]
[Site "Ghent BEL"]
[Date "2014.07.19"]
[Round "1.16"]
[White "Van Hoecke, Elena"]
[Black "Lammens, Tim"]
[Result "0-1"]
[BlackTitle "FM"]
[WhiteElo "1849"]
[BlackElo "2307"]
[WhiteFideId "260428"]
[BlackFideId "1008803"]
[EventDate "2014.07.19"]

1. d4 Nf6 2. Bf4 d6 3. e3 g6 4. Nf3 Nh5 5. Bg3 Nxg3 6. hxg3 Bg7 7. c3 c5 8. dxc5
dxc5 9. Qxd8+ Kxd8 10. Ng5 Ke8 11. Bc4 e6 12. Rxh7 Rxh7 13. Nxh7 f6 14. Nd2 Kf7
15. Ne4 Nd7 16. Nd6+ Ke7 17. O-O-O a6 18. Be2 b5 19. Bf3 Rb8 20. Be4 Ne5 21. f4
Ng4 22. Bc6 e5 23. Nxc8+ Rxc8 24. Rd7+ Ke6 25. Rxg7 Rxc6 26. Rxg6 Kf5 27. Rg8
Nxe3 28. fxe5 fxe5 29. Rg5+ Ke4 30. Rh5 Kd3 31. Ng5 Rf6 32. Rh1 e4 33. Nh3 Nxg2
34. Rd1+ Kc4 35. Ng5 e3 36. b3+ Kxc3 37. Ne4+ Kb4 38. Nxf6 e2 39. Rg1 e1=Q+ 40.
Rxe1 Nxe1 41. g4 Kc3 42. g5 Nd3+ 43. Kb1 Nf4 44. Ng8 Kd2 45. Ne7 c4 46. bxc4
bxc4 47. Nf5 Kd3 48. Kc1 c3 49. Ng3 c2 50. a3 Kc3 51. a4 Nd3# 0-1

[Event "37th Taminco Open 2014"]
[Site "Ghent BEL"]
[Date "2014.07.19"]
[Round "2.1"]
[White "Te Bokkel, Gerrit Jan"]
[Black "Van Den Doel, Erik"]
[Result "0-1"]
[BlackTitle "GM"]
[WhiteElo "2048"]
[BlackElo "2547"]
[WhiteFideId "1026348"]
[BlackFideId "1003720"]
[EventDate "2014.07.19"]

1. e4 e5 2. Bc4 Nf6 3. d4 exd4 4. Nf3 Nc6 5. O-O d6 6. Nxd4 Be7 7. Nc3 O-O 8.
Re1 Re8 9. Nxc6 bxc6 10. Qf3 Bg4 11. Qg3 Qc8 12. Bd2 Be6 13. Bd3 Ng4 14. Nd1 f5
15. Bc3 fxe4 16. Bxe4 d5 17. Bf3 Nf6 18. Be5 Bd6 19. Bxd6 cxd6 20. Qxd6 Bg4 21.
Ne3 Bxf3 22. gxf3 Re6 23. Qf4 Qd7 24. Kh1 Rf8 25. Rg1 Ne4 26. Nf5 Nxf2+ 27. Kg2
Ref6 28. Kxf2 Rxf5 29. Qd4 Rxf3+ 30. Ke2 Qe6+ 31. Kd1 Rf1+ 32. Kd2 Qh6+ 0-1

[Event "37th Taminco Open 2014"]
[Site "Ghent BEL"]
[Date "2014.07.19"]
[Round "2.2"]
[White "Hovhannisyan, Mher"]
[Black "Van Den Heede, Dorian"]
[Result "1-0"]
[WhiteTitle "IM"]
[WhiteElo "2513"]
[BlackElo "1967"]
[WhiteFideId "13300865"]
[BlackFideId "221848"]
[EventDate "2014.07.19"]

1. Nf3 f5 2. g3 Nf6 3. Bg2 d6 4. O-O g6 5. d4 Bg7 6. c3 c6 7. Qb3 e6 8. Nbd2 O-O
9. Re1 d5 10. Ne5 Nbd7 11. Nd3 Kh8 12. f3 b6 13. e4 Re8 14. e5 Ng8 15. f4 Bb7
16. Nf3 Bf8 17. Be3 Rc8 18. a4 Ba6 19. Nf2 Bc4 20. Qd1 c5 21. g4 Nh6 22. Ng5
cxd4 23. Bxd4 Nc5 24. gxf5 Nxf5 25. Nf7+ 1-0

[Event "37th Taminco Open 2014"]
[Site "Ghent BEL"]
[Date "2014.07.19"]
[Round "2.3"]
[White "Veltman, Anne"]
[Black "Bokros, Albert"]
[Result "0-1"]
[BlackTitle "IM"]
[WhiteElo "2022"]
[BlackElo "2485"]
[WhiteFideId "1026917"]
[BlackFideId "710458"]
[EventDate "2014.07.19"]

1. e4 c5 2. Nf3 e6 3. d4 cxd4 4. Nxd4 Nf6 5. Nc3 d6 6. g4 h6 7. Bg2 a6 8. O-O
Qc7 9. h3 Nc6 10. f4 Bd7 11. Be3 Be7 12. g5 hxg5 13. fxg5 Nh5 14. Qf3 Ne5 15.
Qf2 g6 16. Rad1 Rc8 17. Nf3 Nc4 18. Bd4 O-O 19. b3 Ne5 20. Ne2 Qxc2 21. Nxe5
dxe5 22. Be3 Bb5 23. Rd2 Qc7 24. Rc1 Qa5 25. Rdc2 Rxc2 26. Rxc2 Bd3 27. Rd2 Bxe2
28. Qxe2 Bc5 29. Qf2 Bxe3 30. Qxe3 Nf4 31. Bf1 Rc8 32. Qf2 Rc1 33. Kh2 Rxf1 0-1

[Event "37th Taminco Open 2014"]
[Site "Ghent BEL"]
[Date "2014.07.19"]
[Round "2.4"]
[White "Meijers, Viesturs"]
[Black "Schoffelmeer, Frans"]
[Result "1-0"]
[WhiteTitle "GM"]
[WhiteElo "2475"]
[BlackElo "2088"]
[WhiteFideId "11600314"]
[BlackFideId "1007653"]
[EventDate "2014.07.19"]

1. e4 c5 2. Nf3 e6 3. d4 cxd4 4. Nxd4 Nf6 5. Bd3 Nc6 6. Nf3 d6 7. c4 Be7 8. Nc3
O-O 9. O-O Nd7 10. Bf4 Nde5 11. Rc1 Nxf3+ 12. Qxf3 Ne5 13. Qe2 a6 14. Bb1 Bf6
15. Rfd1 Qe7 16. a3 Bd7 17. b4 Rac8 18. Ba2 Rfd8 19. Be3 Be8 20. Bb6 Rd7 21. Bb3
g5 22. h4 g4 23. h5 Bg5 24. Be3 Bxe3 25. Qxe3 Qh4 26. h6 Rdd8 27. Ne2 Bc6 28.
Ng3 Kh8 29. a4 Rg8 30. Rxd6 Rg5 31. Rcd1 Qxh6 32. b5 Bd7 33. Rxd7 1-0

[Event "37th Taminco Open 2014"]
[Site "Ghent BEL"]
[Date "2014.07.19"]
[Round "2.5"]
[White "Wind, Egbert"]
[Black "Czebe, Attila"]
[Result "0-1"]
[BlackTitle "GM"]
[WhiteElo "2039"]
[BlackElo "2439"]
[WhiteFideId "1009990"]
[BlackFideId "705268"]
[EventDate "2014.07.19"]

1. e4 c5 2. Nf3 b6 3. d4 cxd4 4. Nxd4 Bb7 5. Nc3 a6 6. Be3 e6 7. f3 Bb4 8. Bd3
Nf6 9. O-O d5 10. e5 Nfd7 11. f4 Nc6 12. f5 Nxd4 13. Bxd4 Bc5 14. Bxc5 Nxc5 15.
Qg4 g6 16. fxg6 fxg6 17. Bxg6+ hxg6 18. Qxg6+ Kd7 19. Rf7+ Kc8 20. Raf1 Rg8 21.
Rg7 Rxg7 22. Qxg7 Nd7 23. Qf7 Qh8 24. Qxe6 Qxe5 25. Qxe5 Nxe5 26. Rd1 Kb8 27.
Nxd5 Ka7 28. Ne3 Re8 29. h3 Nf3+ 30. Kf2 Ng5 31. c3 Ne4+ 32. Ke2 Rf8 33. Rd4
Rf2+ 34. Ke1 Rxb2 35. g4 Nxc3 0-1

[Event "37th Taminco Open 2014"]
[Site "Ghent BEL"]
[Date "2014.07.19"]
[Round "2.6"]
[White "Ernst, Thomas"]
[Black "Bleys, Michiel"]
[Result "1-0"]
[WhiteTitle "GM"]
[WhiteElo "2364"]
[BlackElo "1766"]
[WhiteFideId "1700065"]
[BlackFideId "240702"]
[EventDate "2014.07.19"]

1. e4 c5 2. Nf3 e6 3. d4 cxd4 4. Nxd4 a6 5. Bd3 Bc5 6. Nb3 Be7 7. O-O d6 8. Qg4
g6 9. Qe2 Nd7 10. c4 b6 11. Nc3 Bb7 12. f4 Qc7 13. Bd2 Ngf6 14. Rae1 Nc5 15.
Nxc5 bxc5 16. e5 Nd7 17. exd6 Bxd6 18. Ne4 Be7 19. Ng5 Nf6 20. Nxf7 Kxf7 21.
Qxe6+ Kf8 22. f5 g5 23. Ba5 Qd7 24. Bc2 Qxe6 25. fxe6 Kg7 26. Rf5 h6 27. Ref1
Rhf8 28. Bc3 Bc8 29. a3 Ra7 30. Re1 a5 31. h4 g4 32. Rf4 Kg8 33. Ref1 Bxe6 34.
Bxf6 Bd6 35. Re4 Bc8 36. Be5 Rxf1+ 37. Kxf1 Bf8 38. Re3 Rf7+ 39. Ke2 Be7 40. g3
Bb7 41. Bg6 Rf3 42. Rxf3 Bxf3+ 43. Ke3 Bf8 44. Bd3 Kf7 45. Kf4 Be7 46. Be4 Bxe4
47. Kxe4 Ke6 48. h5 Bg5 49. b3 Bc1 50. Bf4 1-0

[Event "37th Taminco Open 2014"]
[Site "Ghent BEL"]
[Date "2014.07.19"]
[Round "2.9"]
[White "Hummel, Joop"]
[Black "Van der Stricht, Geert"]
[Result "0-1"]
[BlackTitle "IM"]
[WhiteElo "1996"]
[BlackElo "2350"]
[WhiteFideId "1012126"]
[BlackFideId "201324"]
[EventDate "2014.07.19"]

1. Nf3 d5 2. d4 c6 3. c4 Nf6 4. Nc3 dxc4 5. a4 Bf5 6. Ne5 Nbd7 7. Nxc4 Nb6 8.
Ne5 a5 9. g3 e6 10. Bg2 Bb4 11. O-O O-O 12. Bg5 h6 13. Bf4 Bh7 14. g4 Nfd7 15.
Nd3 Qf6 16. e3 Bxd3 17. Qxd3 e5 18. dxe5 Nxe5 19. Qd4 Ned7 20. Rfd1 Qxd4 21.
Rxd4 Nc5 22. Bd6 Rfd8 23. Rxb4 axb4 24. Bxc5 bxc3 25. Bxb6 cxb2 26. Rb1 Rd2 27.
a5 Rc2 28. Be4 Rc1+ 29. Kg2 Re8 30. Bd3 Rc3 31. Bf1 Rc2 32. Bd4 c5 33. Bxb2 c4
34. Bd4 Ra8 35. Rb5 Rc8 36. Rxb7 Ra2 37. Bc3 Ra3 38. Bb4 Ra1 39. Be2 c3 40. a6
c2 41. Bd2 Rd1 42. a7 Rxd2 43. Rb8 Rdd8 44. a8=Q Rxb8 45. Qa3 Rdc8 0-1

[Event "37th Taminco Open 2014"]
[Site "Ghent BEL"]
[Date "2014.07.19"]
[Round "2.10"]
[White "Marholev, Dimitar"]
[Black "Goerens, Jean-Paul"]
[Result "1-0"]
[WhiteTitle "IM"]
[WhiteElo "2349"]
[BlackElo "2019"]
[WhiteFideId "2901340"]
[BlackFideId "4000552"]
[EventDate "2014.07.19"]

1. e4 c5 2. Nc3 Nc6 3. Bb5 g6 4. Bxc6 dxc6 5. d3 Bg7 6. f4 Nf6 7. Nf3 O-O 8. O-O
b6 9. Qe1 Qc7 10. Qh4 Bg4 11. f5 gxf5 12. Bh6 Bxh6 13. Qxh6 Kh8 14. Ng5 f4 15.
Rxf4 Qxf4 16. Nxf7+ Rxf7 17. Qxf4 Bh5 18. Qe5 Bg4 19. h3 Bd7 20. Rf1 Rg7 21. Kh2
Rag8 22. Rf2 Bc8 23. Ne2 Rg5 24. Qxe7 Nh5 25. g4 1-0

[Event "37th Taminco Open 2014"]
[Site "Ghent BEL"]
[Date "2014.07.19"]
[Round "2.11"]
[White "Lamorelle, Julien"]
[Black "Groot, Pim"]
[Result "1-0"]
[WhiteTitle "FM"]
[WhiteElo "2340"]
[BlackElo "2014"]
[WhiteFideId "616010"]
[BlackFideId "1008552"]
[EventDate "2014.07.19"]

1. e4 c6 2. d4 d5 3. e5 Bf5 4. h4 h5 5. c4 e6 6. Nc3 Ne7 7. Bg5 Nd7 8. cxd5 exd5
9. Bd3 Be6 10. Nge2 Qb6 11. Na4 Qa5+ 12. Bd2 Qd8 13. Nf4 Bg4 14. f3 Bf5 15. Qc2
g6 16. e6 fxe6 17. Bxf5 exf5 18. Ne6 Qc8 19. Bf4 Kf7 20. Qe2 Bh6 21. Bxh6 Rxh6
22. Ng5+ Kf8 23. O-O Nf6 24. Rfe1 Nfg8 25. Nc5 b6 26. Nce6+ Ke8 27. Qe5 Rb8 28.
Qg7 1-0

[Event "37th Taminco Open 2014"]
[Site "Ghent BEL"]
[Date "2014.07.19"]
[Round "2.12"]
[White "Maddens, Martijn"]
[Black "Froeyman, Helmut"]
[Result "0-1"]
[BlackTitle "FM"]
[WhiteElo "2015"]
[BlackElo "2304"]
[WhiteFideId "206962"]
[BlackFideId "203602"]
[EventDate "2014.07.19"]

1. e4 e5 2. Nf3 Nc6 3. Nc3 Nf6 4. g3 d5 5. exd5 Nxd5 6. Bg2 Nxc3 7. bxc3 Bc5 8.
O-O O-O 9. d3 Re8 10. Ng5 f6 11. Ne4 Bb6 12. h3 Be6 13. Kh2 f5 14. Nd2 Bd5 15.
Nb3 Bxg2 16. Kxg2 Qd7 17. Be3 Rad8 18. Qd2 Qf7 19. Rad1 Rd7 20. Kh2 e4 21. Bf4
g5 22. Bxg5 Ne5 23. Qf4 exd3 24. cxd3 Nxd3 25. Qf3 Ne5 26. Qxb7 Rxd1 27. Rxd1
Bxf2 28. Bf4 Bb6 29. Qd5 Qxd5 30. Rxd5 Ng6 31. Nd4 Bxd4 32. cxd4 Re2+ 33. Kg1
Nxf4 34. gxf4 Rxa2 35. Rxf5 Rd2 36. Rd5 c6 37. Ra5 Rxd4 38. Rxa7 Rxf4 39. Rc7
Rf6 40. Kg2 h6 41. Re7 Kf8 42. Re5 Kf7 43. Kg3 Re6 44. Rc5 Ke7 45. Kf4 Kd6 46.
Rc1 c5 47. h4 Kd5 48. Kf5 Rc6 49. Rd1+ Kc4 50. Ke5 Rc8 51. Rg1 Kb4 52. Rg6 Rh8
53. Kd5 c4 54. Rb6+ Kc3 55. Rc6 Rd8+ 56. Ke5 h5 57. Rc5 Kd3 58. Kf4 Rh8 59. Rd5+
Kc2 60. Ke3 c3 61. Rc5 Kb2 62. Kd3 Rd8+ 63. Ke2 c2 64. Rb5+ Kc3 65. Rc5+ Kb3 0-1

[Event "37th Taminco Open 2014"]
[Site "Ghent BEL"]
[Date "2014.07.19"]
[Round "2.13"]
[White "Decoster, Frederic"]
[Black "Van Kessel, Wessel"]
[Result "1-0"]
[WhiteTitle "FM"]
[WhiteElo "2298"]
[BlackElo "1945"]
[WhiteFideId "204269"]
[BlackFideId "233404"]
[EventDate "2014.07.19"]

1. e4 Nc6 2. Nf3 e6 3. d4 d5 4. Nc3 Nf6 5. Bd3 dxe4 6. Nxe4 Be7 7. c3 O-O 8. O-O
Re8 9. Ng3 b6 10. Bb5 Bd7 11. Qe2 Nb8 12. Bd3 Bc6 13. Ne5 Bb7 14. Bg5 Nbd7 15.
Bb5 Rf8 16. Nc6 Bxc6 17. Bxc6 Rb8 18. Rad1 Nd5 19. Bc1 Bd6 20. Ne4 N7f6 21. g3
a5 22. a3 h6 23. Rfe1 Nxe4 24. Qxe4 Ne7 25. Ba4 h5 26. Qh4 g6 27. Bg5 b5 28. Bc2
Qd7 29. Bh6 Nd5 30. Bxf8 Bxf8 31. Bb3 b4 32. axb4 axb4 33. c4 Be7 34. Qh3 Nf6
35. d5 Bc5 36. dxe6 Qc6 37. Qg2 1-0

[Event "37th Taminco Open 2014"]
[Site "Ghent BEL"]
[Date "2014.07.19"]
[Round "2.16"]
[White "Lammens, Tim"]
[Black "Bonoo, Iwan"]
[Result "1/2-1/2"]
[WhiteTitle "FM"]
[WhiteElo "2307"]
[BlackElo "1970"]
[WhiteFideId "1008803"]
[BlackFideId "1028367"]
[EventDate "2014.07.19"]

1. d4 Nf6 2. c4 g6 3. Nc3 Bg7 4. e4 d6 5. f4 O-O 6. Nf3 c5 7. dxc5 dxc5 8. Bd3
Nc6 9. e5 Ne8 10. Be3 b6 11. Be4 Bb7 12. Qe2 e6 13. h4 f5 14. Bc2 h5 15. Rd1 Qe7
16. Qf2 Nb4 17. Bb1 Rd8 18. Rxd8 Qxd8 19. Qg3 Bxf3 20. gxf3 Nd3+ 21. Ke2 Nxb2
22. Qxg6 Nc7 23. Rg1 Rf7 24. Nb5 Nxb5 25. cxb5 Qd7 26. Bc2 Qxb5+ 27. Kf2 Qd7 28.
Rb1 Nd3+ 29. Kg3 c4 30. a4 Kf8 31. Kh3 Qd5 32. Qxh5 Rd7 33. Rd1 Qc6 34. Rb1 Qd5
35. Rd1 Qc6 36. Rb1 Qd5 37. Rd1 1/2-1/2

[Event "37th Taminco Open 2014"]
[Site "Ghent BEL"]
[Date "2014.07.20"]
[Round "3.1"]
[White "Van Den Doel, Erik"]
[Black "Van Den Dikkenberg, Erik"]
[Result "1-0"]
[WhiteTitle "GM"]
[BlackTitle "FM"]
[WhiteElo "2547"]
[BlackElo "2179"]
[WhiteFideId "1003720"]
[BlackFideId "1005880"]
[EventDate "2014.07.19"]

1. e4 c5 2. Nf3 d6 3. Bc4 Nf6 4. d3 Nc6 5. c3 e6 6. Bb3 Be7 7. O-O O-O 8. Re1
Qc7 9. Nbd2 b6 10. Nf1 Bb7 11. Ng3 Rac8 12. Bf4 Ne5 13. d4 Ng6 14. Bg5 h6 15.
Bd2 d5 16. e5 Ne4 17. Rc1 Nxd2 18. Qxd2 Nh4 19. Nxh4 Bxh4 20. Nh5 Bc6 21. Bc2
Be8 22. Nf6+ Bxf6 23. exf6 Qd8 24. fxg7 Kxg7 25. Re3 Rh8 26. f4 Qf6 27. f5 cxd4
28. cxd4 exf5 29. Rf1 Bd7 30. Bxf5 Bxf5 31. Ref3 Rc7 32. Rxf5 Qg6 33. R5f3 Kh7
34. Rf6 Qg7 35. Qd3+ Kg8 36. Qf3 Rd7 37. Qf5 Rd8 38. Rxf7 Qxd4+ 39. Kh1 Qe4 40.
Rg7+ 1-0

[Event "37th Taminco Open 2014"]
[Site "Ghent BEL"]
[Date "2014.07.20"]
[Round "3.2"]
[White "Verduyn, Frederic"]
[Black "Hovhannisyan, Mher"]
[Result "0-1"]
[WhiteTitle "FM"]
[BlackTitle "IM"]
[WhiteElo "2170"]
[BlackElo "2513"]
[WhiteFideId "203670"]
[BlackFideId "13300865"]
[EventDate "2014.07.19"]

1. Nf3 d5 2. d4 Nf6 3. c4 dxc4 4. e3 a6 5. Bxc4 e6 6. O-O c5 7. a4 Nc6 8. Qe2
cxd4 9. Rd1 Be7 10. exd4 O-O 11. Nc3 Nb4 12. Ne5 Nfd5 13. Ne4 b6 14. Ra3 f6 15.
Nf3 Bd7 16. Ne1 Qe8 17. Nc3 Bd6 18. Ne4 Be7 19. Nc3 Kh8 20. Nxd5 exd5 21. Re3
dxc4 22. Rxe7 Qd8 23. d5 Bxa4 24. Bh6 Rg8 25. Ra1 Bb5 26. Qe4 Qxd5 27. Qb1 Nd3 0-1